Francja - Karta Kraju - Statystyki

Ogólne statystyki
  • Ten quiz został rozwiązany 33 razy
  • Średni wynik to 20 z 27
Statystyki odpowiedzi
Hint Odpowiedź % Poprawnych
Stolica Paryż
100%
5 największych miast
(Ludność)
Paryż
100%
Język Francuski
96%
5 największych miast(Ludność) Lyon
93%
5 największych miast(Ludność) Marsylia
93%
Najwyższy łańcuch górski Alpy
89%
Waluta Euro
89%
Kontynent Europa
89%
Kraj sąsiadujący Belgia
86%
Tytuł Hymnu Marsylianka
86%
Kraj sąsiadujący Szwajcaria
86%
Kraj sąsiadujący Niemcy
82%
Kraj sąsiadujący Włochy
82%
Kraj sąsiadujący Hiszpania
79%
Religia Katolicyzm
79%
Kraj sąsiadujący Luksemburg
79%
Kraj sąsiadujący Monako
79%
Pełna (oficjalna) nazwa Republika Francuska
79%
Kraj sąsiadujący Andora
75%
Najwyższy szcyt Mont Blanc
75%
5 największych miast(Ludność) Nicea
68%
Prezydent (2024) Emmanuel Macron
64%
Najdłuższa rzeka Loara
64%
Ludność (W milionach) 68
54%
5 największych miast(Ludność) Tuluza
43%
Największe jezioro Genewskie
25%
Powierzchnia (W tysiącach km²) 550
14%
Nie znaleziono quizów pasujących do podanych kryteriów
Rozkład punktacji
Procent ludzi z każdym wynikiem
Percentyl według liczby udzielonych odpowiedzi
Twoja historia wyników
Nie rozwiązałeś tego quizu